000 01692nam a2200337 i 4500
003 EG-GICUC
005 20260513180639.0
008 260513s1998 ua ||||fr|||| 000 0 ara d
017 _a98/5893
020 _a977-5652-98-7
040 _a EG-GICUC
_bara
_c EG-GICUC
_d EG-GICUC
_erda
041 0 _aara
082 0 4 _221
_a343.423
_bس ح . م
092 0 4 _221
099 _aLaw1 10 343.423 س ح . م 1998
100 0 _aسحر مصطفى حافظ.
_eمؤلف.
245 1 0 _aموسوعة التشريعات التنموية والبيئية للبحر الأحمر.
_nالمجلد الثالث،
_pدليل توثيقي عن قرارات المحافظ الخاصة بحماية بيئة البحر الأحمر /
_cإعداد ومراجعة وتحليل سحر حافظ مصطفى.
264 1 _aالبحر الأحمر :
_bهيئة التنمية السياحية - جهاز شئون البيئة،
_c1998.
300 _a382 صفحة، صفحات غير مرقمة :
_bجداول ؛
_c24 سم
336 _2rda content
_atext
337 _2rda media
_aComputer
338 _2rda carrier
_aOnline Resource
500 _aمشروع إدراة الموارد الشاطئية والبحرية للبحر الأحمر - مشروع ممول من مرفق البيئة العالمي / البنك الدولى.
546 _aالنص باللغة العربية
650 1 _aالتشريعات المتعلقة بالبيئة
_2qrmak
651 1 _2qrmak
710 2 _aهيئة التنمية السياحية.
_bجهاز شئون البيئة
_cالبحر الأحمر
856 4 0 _uhttps://fll.law.cu.edu.eg/fulltext/bks/B10-12943.pdf
905 _a62
942 _2ddc
_n0
_cBK
_e21
999 _c76809
_d76809